| 000 | 01020nam a22001937a 4500 | ||
|---|---|---|---|
| 008 | 110823t xxu||||| |||| 00| 0 ara d | ||
| 082 |
_222 _bم ح ج _a301.20953 |
||
| 100 | 1 |
_926860 _aمحجوب، محمد عبده |
|
| 245 |
_aالتراث الشعبى العربى : _bدراسات حقلية فى مصر وليبيا / _cمحمد عبده محجوب، يحى مرسى عيد بدر . |
||
| 260 |
_aالإسكندرية : _bدار الثقافة العلمية ، _c2005. |
||
| 300 |
_a369 ص : _c24 سم . |
||
| 504 | _aيحتوي علي ارجاعات ببليوجرافية | ||
| 650 | 0 |
_927225 _aالعرب _xالعادات والتقاليد |
|
| 650 | 0 |
_927224 _aالتراث العربى |
|
| 650 | 0 |
_927223 _aالأنثروبولوجيا الاجتماعية |
|
| 700 | 1 |
_926862 _aبدر، يحى مرسى عيد |
|
| 942 |
_2ddc _cBB |
||
| 999 |
_c15899 _d15899 |
||